Protección jurídica del consumidor /

Este libro busca poner de manifiesto, tanto la necesidad evolutiva, como las transformaciones reales que se han producido en el derecho mercantil argentino, en la línea de reforzar los mecanismos de protección legal de los intereses del público consumidor.

Guardat en:
Dades bibliogràfiques
Autor principal: Stiglitz, Gabriel A. (autor)
Format: Llibre
Idioma:espanyol
Publicat: Buenos Aires, Argentina : Depalma, 1986, c1986
Matèries:
Etiquetes: Afegir etiqueta
Sense etiquetes, Sigues el primer a etiquetar aquest registre!

MARC

LEADER 00000nam^a2200000^a^4500
001 000022290
005 20250521000000.0
009 20260310084449.923
020 |a 950-14-0311-4 
037 |a Acervo ITESO - Biblioteca 
041 |a ESP 
082 |a 346. 82071  |b STI 
100 |a Stiglitz, Gabriel A.  |e (autor) 
245 1 0 |a Protección jurídica del consumidor /  |c G.A. Stiglitz. 
264 4 |a Buenos Aires, Argentina :  |b Depalma,  |c 1986, c1986 
300 |a 136 p. 
336 |a texto  |b txt  |2 rdacontenido 
337 |a sin mediación  |b n  |2 rdamedio 
338 |a volumen  |b nc  |2 rdasoporte 
520 |a Este libro busca poner de manifiesto, tanto la necesidad evolutiva, como las transformaciones reales que se han producido en el derecho mercantil argentino, en la línea de reforzar los mecanismos de protección legal de los intereses del público consumidor. 
649 |a XX 
650 |a Consumidores -  |z Argentina -  |x Condiciones Jurídicas 
650 |a Clientes -  |z Argentina -  |x Condiciones Jurídicas 
650 |a Protección del Consumidor -  |z Argentina 
650 |a Publicidad -  |z Argentina -  |x Aspectos Jurídicos 
650 |a Competencia (Economía) -  |z Argentina -  |x Aspectos Jurídicos 
650 |a Responsabilidad (Derecho) -  |z Argentina 
650 |a Consumo -  |z Argentina -  |x Aspectos Jurídicos 
650 |a Derecho Mercantil -  |z Argentina 
650 |a Derecho Civil -  |z Argentina 
650 |a Derecho Privado -  |z Argentina 
910 |a Fondo General 
920 |a Impresos - Libros 
930 |a Colección General 
905 |a 101 
901 |a 0222900100  |b IT1  |c ACC  |i 022290  |u 20250521 
902 |a https://opac.biblio.iteso.mx/vufind/Record/000022290